Xây dựng Series bản đồ giáo án điện tử và tập bản đồ phục vụ dạy học Địa lý 11 - THPT : Báo cáo tổng kết đề tài khoa học và công nghệ cấp trường

Nội dung đề tài thiết lập được các tiêu chuẩn cụ thể về hình thức và nội dung bản đồ trong dạy học địa lý 11 THPT; xây dựng series bản đồ và tập bản đồ in trên giấy với các nội dung chi tiết phục vụ dạy học địa lý 11....

Descrición completa

Gardado en:
Detalles Bibliográficos
Autor Principal: Hồ, Thị Thu Hồ
Formato: Libro
Idioma:Undetermined
Publicado: Cần Thơ Trường Đại học Cần Thơ 2014
Những chủ đề:
Các nhãn: Engadir etiqueta
Sen Etiquetas, Sexa o primeiro en etiquetar este rexistro!
Thư viện lưu trữ: Trung tâm Học liệu Trường Đại học Cần Thơ
LEADER 01330nam a2200229Ia 4500
001 CTU_198310
008 210402s9999 xx 000 0 und d
082 |a 910.712 
082 |b H450 
088 |a T2013-64 
100 |a Hồ, Thị Thu Hồ 
245 0 |a Xây dựng Series bản đồ giáo án điện tử và tập bản đồ phục vụ dạy học Địa lý 11 - THPT : 
245 0 |b Báo cáo tổng kết đề tài khoa học và công nghệ cấp trường 
245 0 |c Hồ Thị Thu Hồ (Chủ nhiệm đề tài) ; Lê Văn Nhương [et al.] Cán bộ phối hợp nghiên cứu 
260 |a Cần Thơ 
260 |b Trường Đại học Cần Thơ 
260 |c 2014 
520 |a Nội dung đề tài thiết lập được các tiêu chuẩn cụ thể về hình thức và nội dung bản đồ trong dạy học địa lý 11 THPT; xây dựng series bản đồ và tập bản đồ in trên giấy với các nội dung chi tiết phục vụ dạy học địa lý 11. 
650 |a Geography,Địa lí 
650 |x Study and teaching (Secondary),Dạy và học (trung học) 
904 |i Tuyến 
980 |a Trung tâm Học liệu Trường Đại học Cần Thơ